Capital Cities by Letter- B - Statistics

General Stats
  • This quiz has been taken 35 times
  • The average score is 12 of 17
Answer Stats
Country Capital % Correct
Brazil Brasilia
94%
Belgium Brussels
90%
Bulgaria Sofia
90%
Bolivia Sucre
90%
Bangladesh Dhaka
87%
Belarus Minsk
87%
Bosnia and Herzegovina Sarajevo
87%
Barbados Bridgetown
77%
Bahamas Nassau
77%
Bhutan Thimphu
61%
Belize Belmopan
58%
Bahrain Manama
55%
Botswana Gaborone
48%
Brunei Bandar Seri Begawan
45%
Burkina Faso Ouagadougou
45%
Burundi Gitega
39%
Benin Porto Novo
32%
No matching quizzes found
Score Distribution
Percent of People with Each Score
Percentile by Number Answered
Your Score History
You have not taken this quiz